[Event "SLO-chT2 West"]
[Site "Kranj"]
[Date "2008.10.17"]
[Round "5.3"]
[White "Marko, Janez"]
[Black "Sorl, Simon"]
[Result "1/2-1/2"]
[WhiteElo "1852"]
[BlackElo "1784"]
[PlyCount "68"]
[EventDate "2008.10.11"]
[EventType "team-swiss"]
[EventRounds "9"]
[EventCountry "SLO"]
[SourceTitle "EXT 2010"]
[Source "ChessBase"]
[SourceDate "2010.11.25"]
[SourceVersion "1"]
[SourceVersionDate "2010.11.25"]
[SourceQuality "1"]
[WhiteTeam "Stari Mayr Sencur"]
[BlackTeam "Gorenjka Lesce"]
[WhiteTeamCountry "SLO"]
[BlackTeamCountry "SLO"]

1. e4 c5 2. Nf3 Nc6 3. d4 cxd4 4. Nxd4 Nf6 5. Nc3 d6 6. Be2 g6 7. Be3 Bg7 8. Qd2 0-0 9. 0-0-0 Ng4 10. Bxg4 Bxg4 11. f3 Bd7 12. g4 Ne5 13. b3 Qa5 14. Kb1 Nxf3 15. Qd3 Ne5 16. Qd2 e6 17. h3 Nf3 18. Qd3 Rac8 19. Nce2 Ne5 20. Qd2 Qc7 21. g5 a5 22. h4 a4 23. h5 Ng4 24. Bg1 axb3 25. cxb3 Bc6 26. Qc2 d5 27. hxg6 hxg6 28. Rh4 Ne5 29. Be3 dxe4 30. Nxc6 Qxc6 31. Qxc6 Rxc6 32. Rxe4 Rfc8 33. Red4 Nf3 34. Rd8+ Bf8 1/2-1/2

[Event "SLO-chT2 West"]
[Site "Kranj"]
[Date "2008.10.12"]
[Round "4.2"]
[White "Kobold, Andrej"]
[Black "Sorl, Simon"]
[Result "0-1"]
[WhiteElo "1594"]
[BlackElo "1784"]
[PlyCount "52"]
[EventDate "2008.10.11"]
[EventType "team-swiss"]
[EventRounds "9"]
[EventCountry "SLO"]
[SourceTitle "EXT 2010"]
[Source "ChessBase"]
[SourceDate "2010.11.25"]
[SourceVersion "1"]
[SourceVersionDate "2010.11.25"]
[SourceQuality "1"]
[WhiteTeam "Komenda Pogi"]
[BlackTeam "Gorenjka Lesce"]
[WhiteTeamCountry "SLO"]
[BlackTeamCountry "SLO"]

1. e4 c5 2. f4 Nc6 3. Nf3 d6 4. Bc4 e6 5. 0-0 Nf6 6. d3 Be7 7. Nc3 0-0 8. h3 Qc7 9. Nh2 Rd8 10. Qe1 Nd4 11. Qf2 d5 12. exd5 exd5 13. Bb3 b5 14. a4 c4 15. dxc4 dxc4 16. Ba2 b4 17. Nd1 Ne4 18. Qe1 Bb7 19. Bb1 Ng3 20. Rf2 Bh4 21. Nf1 Nge2+ 22. Kh2 Nxc1 23. g3 Qc6 24. Nfe3 Nf3+ 25. Rxf3 Qxf3 26. Qf2 Qh1# 0-1

[Event "SLO-ch U16"]
[Site "Murska Sobota"]
[Date "2007.03.02"]
[Round "9"]
[White "Svigelj, Domen"]
[Black "Sorl, Simon"]
[Result "1/2-1/2"]
[WhiteElo "1527"]
[BlackElo "1607"]
[PlyCount "83"]
[EventDate "2007.02.25"]
[EventType "swiss"]
[EventRounds "9"]
[EventCountry "SLO"]
[SourceTitle "CBM 117 Extra"]
[Source "ChessBase"]
[SourceDate "2007.05.09"]
[SourceVersion "1"]
[SourceVersionDate "2007.05.09"]
[SourceQuality "1"]

1. c4 c6 2. Nc3 d5 3. cxd5 cxd5 4. d4 Nf6 5. g3 e6 6. Bg2 Nc6 7. Nf3 Be7 8. 0-0 0-0 9. e3 b6 10. Re1 Bb7 11. Bd2 Rc8 12. a3 a6 13. Rc1 Na5 14. Bf1 b5 15. b4 Nc4 16. Qb3 Qb6 17. Red1 Ne4 18. Rc2 Rc7 19. Nxe4 dxe4 20. Ne1 Bd5 21. Bxc4 Bxc4 22. Qb2 Rfc8 23. Rdc1 Qb7 24. Ng2 g5 25. Rc3 Qd5 26. Be1 Kg7 27. Bd2 h5 28. h3 Bf6 29. Qc2 Rg8 30. Qd1 Kh6 31. Kh2 Qf5 32. Qe1 e5 33. R3c2 exd4 34. exd4 Bxd4 35. h4 f6 36. hxg5+ fxg5 37. Ne3 Bxe3 38. Qxe3 Rf7 39. Be1 Be6 40. Rc6 Qh3+ 41. Kg1 h4 42. Rxa6 1/2-1/2

[Event "SLO-ch U16"]
[Site "Murska Sobota"]
[Date "2007.02.26"]
[Round "2"]
[White "Blazinc, Joze"]
[Black "Sorl, Simon"]
[Result "0-1"]
[WhiteElo "1500"]
[BlackElo "1607"]
[PlyCount "68"]
[EventDate "2007.02.25"]
[EventType "swiss"]
[EventRounds "9"]
[EventCountry "SLO"]
[SourceTitle "CBM 117 Extra"]
[Source "ChessBase"]
[SourceDate "2007.05.09"]
[SourceVersion "1"]
[SourceVersionDate "2007.05.09"]
[SourceQuality "1"]

1. e4 c5 2. Nf3 e6 3. d4 cxd4 4. Nxd4 a6 5. Nc3 Qc7 6. Be2 Nf6 7. 0-0 Nc6 8. Kh1 Be7 9. f4 d6 10. Be3 0-0 11. Qd2 Bd7 12. Rf2 b5 13. a3 Rac8 14. Raf1 Rfe8 15. f5 Ne5 16. Bg5 h6 17. Bxh6 gxh6 18. Qxh6 Nfg4 19. Qh3 Nxf2+ 20. Rxf2 Bg5 21. f6 Ng6 22. Bh5 e5 23. Bxg6 Bxh3 24. gxh3 fxg6 25. f7+ Qxf7 26. Rxf7 Kxf7 27. Nf3 Bc1 28. Nd5 Rxc2 29. b4 Ra2 30. h4 Rxa3 31. h5 Rxf3 32. hxg6+ Kxg6 33. Nc7 Rc8 34. Nxa6 Rc2 0-1

[Event "SLO-chT2 West"]
[Site "Kranj"]
[Date "2005.10.16"]
[Round "5.5"]
[White "Sorl, Simon"]
[Black "Bozic, Anton"]
[Result "0-1"]
[WhiteElo "1500"]
[BlackElo "2136"]
[PlyCount "104"]
[EventDate "2005.10.14"]
[EventType "team-tourn"]
[EventRounds "5"]
[EventCountry "SLO"]
[SourceTitle "EXT 2009"]
[Source "ChessBase"]
[SourceDate "2008.11.26"]
[SourceVersion "1"]
[SourceVersionDate "2008.11.26"]
[SourceQuality "1"]

1. e4 g6 2. d4 Bg7 3. Nc3 c5 4. d5 d6 5. Bb5+ Bd7 6. Bxd7+ Nxd7 7. Nge2 Ngf6 8. 0-0 0-0 9. f3 a6 10. a3 b5 11. Be3 Nb6 12. b3 Nfd7 13. Rb1 Rc8 14. Qd2 Qc7 15. Rfc1 Ne5 16. Bh6 Nbd7 17. Bxg7 Kxg7 18. Nd1 c4 19. b4 h6 20. Ndc3 Kh7 21. Nd4 Nf6 22. Rf1 Ned7 23. Kh1 Nb6 24. Rbe1 Rce8 25. Qf2 e6 26. Qh4 Ng8 27. dxe6 fxe6 28. Qg4 Qd7 29. Qg3 e5 30. Nde2 Nf6 31. Qf2 Nc8 32. Rd1 Qe6 33. Rd2 Rf7 34. Rfd1 Ref8 35. Ra1 Qd7 36. a4 bxa4 37. Nxa4 Nxe4 38. Qe3 Nxd2 39. Qxd2 Qc6 40. c3 Ne7 41. Nb2 Nf5 42. Rd1 Rf6 43. Qd5 Rc8 44. Qxc6 Rxc6 45. Rd5 Ne7 46. Ra5 Kg7 47. Nd1 d5 48. Nf2 h5 49. f4 exf4 50. Nd4 Rcd6 51. Rc5 Rd7 52. Kg1 Nf5 0-1

[Event "SLO-chT2 West"]
[Site "Kranj"]
[Date "2005.10.16"]
[Round "4.5"]
[White "Sorl, Simon"]
[Black "Vukanic, Avgust"]
[Result "1-0"]
[WhiteElo "1500"]
[BlackElo "1700"]
[PlyCount "43"]
[EventDate "2005.10.14"]
[EventType "team-tourn"]
[EventRounds "5"]
[EventCountry "SLO"]
[SourceTitle "EXT 2009"]
[Source "ChessBase"]
[SourceDate "2008.11.26"]
[SourceVersion "1"]
[SourceVersionDate "2008.11.26"]
[SourceQuality "1"]

1. e4 e6 2. d4 d5 3. exd5 exd5 4. c4 c6 5. Nc3 Nf6 6. Qb3 Be7 7. Nf3 0-0 8. Bd3 Qb6 9. 0-0 h6 10. c5 Qc7 11. Re1 Bg4 12. Ne5 Be6 13. Bf4 Qc8 14. Re3 Nbd7 15. Nxd7 Qxd7 16. Qd1 Rfe8 17. Rg3 g5 18. h4 g4 19. Bxh6 Nh5 20. Re3 Bxh4 21. Qc2 Nf6 22. g3 1-0